000
00294nam a2200121Ia 4500
005
20251222154408.0
008
251222s9999||||xx |||||||||||||| ||spa||
020
_a
84-320-9116-2
082
_a
828.8/R36
100
_a
"Reid, Thomas Mayne"
245
0
_a
Los cazadores de cabelleras
942
_c
LIB
999
_c
35563
_d
35563